000 01730nam a2200313 i 4500
001 159623
003 ES-MaACL
005 20250903002019.0
008 180213s1928 sp a |||| | spa d
245 0 0 _aConferencias en relación con la ingeniería sanitaria :
_bcurso de 1926-1927 /
_cdadas sucesivamente por los señores Bello, Pittaluga, Luengo, Marañón y González Quijano ; con un prólogo del director de la Escuela Sr. Machimbarrena.
260 _a[Madrid :
_bs.n.,
_c1928?]
300 _a139 p. :
_bil. ;
_c21 cm.
505 8 _aContiene: Problemas sanitarios en la construcción y explotación de las obras públicas / Severino Bello Poeyusan. Médicos e ingenieros en la lucha contra el paludismo / Gustavo Pittaluga. Agua y fiebre tifoidea / Emilio Luengo. Problema social de la infección / Gregorio Marañón. Ingenieria sanitaria / Pedro M. González Quijano
594 _aPrecede al tít.: Escuela Especial de Ingenieros de Caminos, Canales y Puertos.
650 7 _aIngeniería sanitaria
_2embne
_9160061
700 1 _aBello Poeyusan, Severino.
_9159015
700 1 _aPittaluga, Gustavo,
_d1876-1956
_9155591
700 1 _aLuengo Arroyo, Emilio.
_974634
700 1 _aMarañón, Gregorio,
_d1887-1960
_976311
700 1 _aGonzález Quijano, Pedro M.
_958891
710 2 _aEscuela Especial de Ingenieros de Caminos, Canales y Puertos (Madrid)
_9170634
740 0 2 _aProblemas sanitarios en la construcción y explotación de las obras públicas.
740 0 2 _aMédicos e ingenieros en la lucha contra el paludismo.
740 0 2 _aAgua y fiebre tifoidea.
740 0 2 _aProblema social de la infección.
740 0 2 _aIngenieria sanitaria.
852 4 _aES-MaACL
_jA-1119(1)
999 _c159623
_d159623